[Event "RUS-ch Women Blitz 2019"]
[Site "Sochi"]
[Date "2019.10.17"]
[Round "6.3"]
[White "Lysenko, Margarita"]
[Black "Ambartsumova, Karina"]
[Result "0-1"]
[WhiteElo "2243"]
[BlackElo "2341"]
[Annotator "NA RC"]
[PlyCount "152"]
[EventDate "2019.10.17"]
[EventType "swiss"]
[EventCountry "RUS"]
[SourceTitle "playchess.com"]
[Source "ChessBase"]
[SourceQuality "1"]
[TimeControl "180+2"]

1. d4 {[%emt 0:00:00]} Nf6 {[%emt 0:00:00]} 2. c4 {[%emt 0:00:00]} e6 {[%emt 0:00:01]} 3. Nc3 {[%emt 0:00:02]} d5 {[%emt 0:00:01]} 4. cxd5 {[%emt 0:00:03]} exd5 {[%emt 0:00:01]} 5. Bg5 {[%emt 0:00:01]} c6 {[%emt 0:00:01]} 6. e3 {[%emt 0:00:04]} Be7 {[%emt 0:00:01]} 7. Bd3 {[%emt 0:00:02]} Nbd7 {[%emt 0:00:07]} 8. Qc2 {[%emt 0:00:07]} h6 {[%emt 0:00:01]} 9. Bf4 {[%emt 0:00:49]} Nh5 {[%emt 0:00:45]} 10. Be5 {[%emt 0:00:02]} Nhf6 {[%emt 0:00:36]} 11. Bf4 {[%emt 0:00:02]} Nf8 {[%emt 0:00:04]} 12. h3 {[%emt 0:00:01] D36: Queen's Gambit Declined: Exchange Variation: Main line (5 Bg5 c6 6 Qc2)} Bd6 {[%emt 0:00:15]} 13. Bxd6 (13. Be5 Bxe5 14. dxe5 N6d7 15. f4 Ne6 16. Nf3 b5 17. O-O Qb6 18. Qf2 b4 19. Ne2 c5 {1-0 (35) Korobov,A (2699)-Javakhadze,Z (2415) Konya 2015}) 13... Qxd6 {[%emt 0:00:01]} 14. Nf3 {[%emt 0:00:14]} N8d7 {[%emt 0:00:19]} 15. g4 {[%emt 0:00:18]} Nb6 $146 {[%emt 0:00:02]} ({Predecessor:} 15... b6 16. O-O-O Bb7 17. Kb1 a6 18. Rhe1 {1-0 (30) Gislason,G (2351)-Brynjarsson,H (1949) Reykjavik 2009}) 16. Ne5 {[%emt 0:00:07]} Qe7 {[%emt 0:00:38]} 17. O-O-O {[%emt 0:00:21]} Be6 {[%emt 0:00:00]} 18. f4 {[%emt 0:00:01]} O-O-O {[%emt 0:00:11]} 19. Kb1 {[%emt 0:00:26]} Kb8 {[%emt 0:00:01]} 20. Na4 {[%emt 0:00:01]} Nxa4 {[%emt 0:00:04]} 21. Qxa4 {[%emt 0:00:01]} Nd7 {[%emt 0:00:02]} 22. Rc1 {[%emt 0:00:36]} Nxe5 {[%emt 0:00:22]} 23. dxe5 {[%emt 0:00:08]} Bc8 {[%emt 0:00:01]} 24. Rc3 {[%emt 0:00:12]} f6 {[%emt 0:00:01]} 25. exf6 {[%emt 0:00:07]} Qxf6 {[%emt 0:00:00]} 26. Ra3 {[%emt 0:00:02]} a6 {[%emt 0:00:01]} 27. Rc1 {[%emt 0:00:02]} Rhe8 {[%emt 0:00:02]} 28. Qb4 $2 {[%emt 0:00:01]} (28. Rb3 $11 Rxe3 29. Rxc6 Re1+ 30. Kc2) 28... Ka8 $2 {[%emt 0:00:03]} (28... Rxe3 $17 29. Bxa6 Rxa3 30. bxa3 Re8) 29. Qb6 {[%emt 0:00:02]} Rd6 {[%emt 0:00:06]} 30. Rb3 {[%emt 0:00:03]} Qd8 {[%emt 0:00:01]} 31. Qb4 {[%emt 0:00:02]} Rde6 {[%emt 0:00:01]} 32. Bxa6 {[%emt 0:00:02]} (32. e4 $14) 32... Qe7 {[%emt 0:00:03]} 33. Qb6 {[%emt 0:00:02]} Rxe3 {[%emt 0:00:05]} 34. Bd3 {[%emt 0:00:03]} Kb8 {[%emt 0:00:02]} 35. Ra3 {[%emt 0:00:01]} Re1 {[%emt 0:00:03]} 36. Qa7+ {[%emt 0:00:02]} Kc7 {[%emt 0:00:00]} 37. Qa5+ {[%emt 0:00:00]} Kd6 {[%emt 0:00:03]} 38. Qc5+ {[%emt 0:00:02]} Kc7 {[%emt 0:00:01]} 39. Qa5+ {[%emt 0:00:01]} Kd6 {[%emt 0:00:00]} 40. Rac3 {[%emt 0:00:03]} Rxc1+ {[%emt 0:00:01]} 41. Rxc1 {[%emt 0:00:01]} Qe3 {[%emt 0:00:01]} 42. Qb4+ {[%emt 0:00:03]} Kc7 {[%emt 0:00:01]} 43. Bc2 {[%emt 0:00:04]} (43. Bg6 $11 Re6 44. Bf5) 43... d4 {[%emt 0:00:01]} (43... Qxh3 $17 44. f5 Qg3) 44. Qc4 {[%emt 0:00:03]} Rd8 {[%emt 0:00:03]} 45. Qf7+ {[%emt 0:00:02]} Rd7 {[%emt 0:00:00]} 46. Qf8 {[%emt 0:00:01]} d3 {[%emt 0:00:01]} 47. Bb3 {[%emt 0:00:01]} d2 {[%emt 0:00:02]} 48. Rd1 {[%emt 0:00:00]} Qe4+ {[%emt 0:00:01]} 49. Bc2 {[%emt 0:00:02] [#]} Qd4 $1 {[%emt 0:00:02]} 50. Qe8 {[%emt 0:00:05]} b6 {[%emt 0:00:01]} 51. f5 {[%emt 0:00:01]} Ba6 {[%emt 0:00:02]} 52. Qf8 {[%emt 0:00:05]} Be2 {[%emt 0:00:04]} 53. Qa3 {[%emt 0:00:02]} Bxd1 {[%emt 0:00:02]} 54. Bxd1 {[%emt 0:00:01]} Qe4+ {[%emt 0:00:03]} 55. Ka1 {[%emt 0:00:01]} Qe1 {[%emt 0:00:06]} 56. Qb3 {[%emt 0:00:01]} Re7 {[%emt 0:00:04]} 57. Kb1 {[%emt 0:00:01]} Re3 {[%emt 0:00:02]} 58. Qc2 {[%emt 0:00:02]} Re7 {[%emt 0:00:02]} 59. h4 {[%emt 0:00:03]} Qf2 {[%emt 0:00:03]} 60. g5 {[%emt 0:00:02]} hxg5 {[%emt 0:00:01]} 61. hxg5 {[%emt 0:00:01]} Rf7 {[%emt 0:00:05]} 62. f6 {[%emt 0:00:04]} gxf6 {[%emt 0:00:02]} 63. g6 {[%emt 0:00:01]} Rd7 {[%emt 0:00:02]} 64. Qe4 {[%emt 0:00:04]} Qd4 {[%emt 0:00:03]} 65. Qf3 {[%emt 0:00:02]} Qd3+ {[%emt 0:00:02]} 66. Qxd3 {[%emt 0:00:01]} Rxd3 {[%emt 0:00:00]} 67. Kc2 {[%emt 0:00:02]} Rg3 {[%emt 0:00:01]} 68. Bh5 {[%emt 0:00:01]} Rg5 {[%emt 0:00:02]} 69. g7 {[%emt 0:00:03]} Rxg7 {[%emt 0:00:02]} 70. Kxd2 {[%emt 0:00:01]} Rg2+ {[%emt 0:00:01]} 71. Be2 {[%emt 0:00:01]} Kd6 {[%emt 0:00:00]} 72. Ke3 {[%emt 0:00:01]} Ke5 {[%emt 0:00:02]} 73. a4 {[%emt 0:00:03]} c5 {[%emt 0:00:02]} 74. b3 {[%emt 0:00:02]} Rg3+ {[%emt 0:00:01]} 75. Bf3 {[%emt 0:00:01]} f5 {[%emt 0:00:00]} 76. Kf2 {[%emt 0:00:02]} Kf4 {[%emt 0:00:01]} 0-1

[Event "RUS-ch Women Blitz 2019"]
[Site "Sochi"]
[Date "2019.10.17"]
[Round "6.4"]
[White "Guseva, Marina"]
[Black "Tomilova, Elena"]
[Result "0-1"]
[WhiteElo "2366"]
[BlackElo "2345"]
[Annotator "TA"]
[PlyCount "44"]
[EventDate "2019.10.17"]
[EventType "swiss"]
[EventCountry "RUS"]
[SourceTitle "playchess.com"]
[Source "ChessBase"]
[SourceQuality "1"]

{[%evp 14,69,18,0,7,5,13,0,8,14,47,0,43,43,108,113,121,95,164,85,236,228,220,178,209,215,251,233,279,260,356,220,321,332,307,228,228,214,900,126,752,147,522,543,29999,737,809,805,1027,1021,964,982,1105,1099,1045,959,1016,932]} 1. d4 Nf6 2. c4 e6 3. Nc3 Bb4 4. f3 c5 5. d5 O-O 6. e4 exd5 7. cxd5 d6 8. Bd3 Nbd7 {E20: Nimzo-Indian: 4 g3 and 4 f3} 9. Nge2 Ne5 10. Bc2 (10. O-O Re8 11. Kh1 Bd7 12. a3 Ba5 13. Bg5 h6 14. Bh4 Rc8 15. Rb1 Qe7 16. Bb5 Bxb5 17. Nxb5 {0-1 (34) Oleksienko,M (2615)-Kuzubov,Y (2688) Slovenia 2017}) 10... h6 {The position is equal.} 11. O-O a6 12. a4 $146 ({Predecessor:} 12. f4 Ned7 13. Ng3 Re8 14. Qf3 Nf8 15. h3 Ng6 16. Bd2 b5 17. Rae1 c4 18. Be3 Ra7 19. Bxa7 {1-0 (19) Halldorsson,B (2103)-Fjallheim,E (1627) Runavik 2017}) 12... c4 13. Be3 Nfd7 (13... Bd7 $14) 14. f4 $36 {[%mdl 2048] White has strong initiative.} Ng4 15. Bd4 $1 (15. Bf2 Nxf2 16. Kxf2 Bc5+ 17. Kg3 Re8 $17) 15... Bc5 (15... Re8 $16) 16. Qd2 (16. Bxc5 $18 Nxc5 17. Qd4) 16... Qh4 $2 (16... Re8 $16 {was called for.}) 17. h3 $18 Ngf6 18. Rf3 Re8 {[#]} 19. Ng3 $1 {[%cal Rg3f5] Hoping for Nf5.} Bxd4+ 20. Qxd4 {Black must now prevent Nf5.} Nc5 21. Qxc4 Bd7 22. b4 b5 {Played: Nc5xa4} 0-1

[Event "RUS-ch Women Blitz 2019"]
[Site "Sochi"]
[Date "2019.10.17"]
[Round "6.5"]
[White "Bivol, Alina"]
[Black "Belenkaya, Dina"]
[Result "0-1"]
[WhiteElo "2371"]
[BlackElo "2300"]
[Annotator "TA"]
[PlyCount "64"]
[EventDate "2019.10.17"]
[EventType "swiss"]
[EventCountry "RUS"]
[SourceTitle "playchess.com"]
[Source "ChessBase"]
[SourceQuality "1"]

{[%evp 12,109,10,22,27,38,35,12,35,10,14,-5,-2,-9,0,-16,18,-14,0,-16,-10,-18,-6,-23,-21,-21,-19,-29,-36,-20,-14,-65,-58,-64,-68,-88,-79,-89,-91,-81,-90,-97,-87,-133,-134,-127,-111,-196,-78,-154,-133,-191,-194,-178,-115,-115,-112,-172,-173,-168,-127,-189,-129,-133,-105,-114,-64,-130,-83,-650,-659,-1071,-570,-1832,-1684,-29987,-29986,-29985,-29977,-5197,-269,-578,-178,-256,-258,-364,-354,-29983,0,0,0,0,8,8,8,-29977,-29975,-29998,-29999,-29999]} 1. c4 e5 2. g3 Nc6 3. Bg2 g6 4. Nc3 Bg7 5. e3 d6 6. d3 Nf6 7. Nge2 Bg4 {A25: English Opening vs King's Indian with ...Nc6 but without early d3} (7... O-O 8. O-O Be6 9. Nd5 Qd7 10. Nec3 Ne8 11. f4 f5 12. Qa4 Kh8 13. Bd2 Nd8 14. Qxd7 Bxd7 15. Ne2 c6 16. Ndc3 Ne6 17. b4 a6 18. Rab1 {0-1 (38) Ivanchuk,V (2726)-Mchedlishvili,M (2603) Riadh 2017}) 8. h3 Be6 9. O-O O-O {The position is equal.} 10. Nd5 Ne7 {[%cal Rf6d5]} 11. Nec3 $146 ({Predecessor:} 11. Qb3 Rb8 12. d4 c6 13. Nxf6+ Bxf6 14. d5 Bd7 15. Nc3 Bg7 16. Qa3 cxd5 17. cxd5 {1-0 (73) Gausel,E (2540)-Westerinen,H (2410) Reykjavik 1997}) 11... c6 12. Nxf6+ Bxf6 13. b3 Qd7 14. Kh2 (14. Ne4 $5 {[%cal Re4f6]} Bg7 15. Ng5 $11) 14... d5 15. Bb2 Bg7 16. cxd5 cxd5 17. d4 e4 18. Qd2 h5 19. Ne2 h4 20. Nf4 Rfc8 21. Rfc1 (21. g4 $11) 21... hxg3+ $15 22. fxg3 Bh6 23. Rxc8+ Rxc8 24. Rc1 Nf5 25. Rc5 b6 26. Rc3 Kh7 27. Bc1 Rxc3 28. Qxc3 Qd6 29. Qe1 (29. h4 $17) 29... Qc6 (29... Qc7 $1 $19 {and Black stays clearly on top.} 30. Qd2 Nxg3 $1 {[%mdl 512]} 31. Kxg3 g5 {[%mdl 64] Pin}) 30. Qd2 ({White should try} 30. g4 Ng7 31. Ba3) 30... Qc7 $17 31. Qe1 (31. Ba3 $17) 31... a5 $19 32. Qd2 {[#]} g5 {Played: Nf5xg3} 0-1

[Event "RUS-ch Women Blitz 2019"]
[Site "Sochi"]
[Date "2019.10.20"]
[Round "6.5"]
[White "Semenova, Elena"]
[Black "Lysenko, Margarita"]
[Result "0-1"]
[WhiteElo "2282"]
[BlackElo "2243"]
[Annotator "NA"]
[PlyCount "176"]
[EventDate "2019.10.17"]
[EventType "swiss"]
[EventCountry "RUS"]
[SourceTitle "playchess.com"]
[Source "ChessBase"]
[SourceQuality "1"]
[TimeControl "180+2"]

1. e4 {[%emt 0:00:00]} c5 {[%emt 0:00:00]} 2. Nf3 {[%emt 0:00:00]} d6 {[%emt 0:00:00]} 3. d4 {[%emt 0:00:01]} cxd4 4. Qxd4 {[%emt 0:00:01]} Nc6 {[%emt 0:00:05]} 5. Bb5 {[%emt 0:00:00]} Bd7 {[%emt 0:00:07]} 6. Qd3 {[%emt 0:00:01]} g6 {[%emt 0:00:28]} 7. c4 {[%emt 0:00:11]} Bg7 {[%emt 0:00:02]} 8. Nc3 {[%emt 0:00:01]} Nf6 {[%emt 0:00:07]} 9. O-O {[%emt 0:00:04]} O-O {[%emt 0:00:03]} 10. h3 {[%emt 0:00:08]} h6 {[%emt 0:00:10]} 11. Rb1 {[%emt 0:00:12]} a6 {[%emt 0:00:10]} 12. Bxc6 {[%emt 0:00:04]} bxc6 {[%emt 0:00:05]} 13. b4 {[%emt 0:00:13]} Qc7 {[%emt 0:00:24]} 14. Be3 {[%emt 0:00:07]} Rfd8 {[%emt 0:00:20]} 15. a4 {[%emt 0:00:05]} e5 {[%emt 0:00:10]} 16. a5 {[%emt 0:00:03]} Rdb8 {[%emt 0:00:27]} 17. Bb6 {[%emt 0:00:03]} Qb7 {[%emt 0:00:08]} 18. Qxd6 {[%emt 0:00:11]} Ne8 {[%emt 0:00:01]} 19. Qd3 {[%emt 0:00:08]} Be6 {[%emt 0:00:01]} 20. Na4 {[%emt 0:00:11]} Qe7 {[%emt 0:00:28]} 21. Bc5 {[%emt 0:00:02]} Qf6 {[%emt 0:00:11]} 22. Nb6 {[%emt 0:00:07]} Ra7 {[%emt 0:00:01]} 23. Rbd1 {[%emt 0:00:06]} Rab7 {[%emt 0:00:02]} 24. Qe3 {[%emt 0:00:08]} g5 {[%emt 0:00:03]} 25. Nh2 {[%emt 0:00:04]} h5 {[%emt 0:00:02]} 26. Rd3 {[%emt 0:00:09]} Qg6 {[%emt 0:00:03]} 27. Nf3 {[%emt 0:00:09]} g4 {[%emt 0:00:03]} 28. Nh4 Qf6 29. Nf5 {[%emt 0:00:15]} Bxf5 {[%emt 0:00:11]} 30. exf5 {[%emt 0:00:02]} Bh6 {[%emt 0:00:01]} 31. Qe4 {[%emt 0:00:11]} Qg7 {[%emt 0:00:02]} 32. hxg4 {[%emt 0:00:08]} hxg4 {[%emt 0:00:03]} 33. g3 {[%emt 0:00:05]} Nf6 {[%emt 0:00:01]} 34. Qxe5 {[%emt 0:00:09]} Re8 {[%emt 0:00:00]} 35. Qc3 {[%emt 0:00:05]} Qg5 {[%emt 0:00:05]} 36. Be3 {[%emt 0:00:06]} Qg7 {[%emt 0:00:00]} 37. Bxh6 {[%emt 0:00:02]} Qxh6 {[%emt 0:00:01]} 38. Qd2 {[%emt 0:00:07]} Qh5 {[%emt 0:00:04]} 39. Re1 {[%emt 0:00:12]} Rbe7 {[%emt 0:00:03]} 40. Rde3 {[%emt 0:00:07]} Rxe3 {[%emt 0:00:04]} 41. Rxe3 {[%emt 0:00:01]} Rf8 {[%emt 0:00:02]} 42. Qd4 {[%emt 0:00:06]} Qxf5 {[%emt 0:00:02]} 43. Re5 {[%emt 0:00:05]} Qb1+ {[%emt 0:00:03]} 44. Kg2 {[%emt 0:00:01]} Qg6 {[%emt 0:00:02]} 45. Qf4 {[%emt 0:00:05]} Nh7 {[%emt 0:00:01]} 46. Nd7 {[%emt 0:00:03]} Rd8 {[%emt 0:00:03]} 47. Re7 {[%emt 0:00:04]} f6 {[%emt 0:00:02]} 48. b5 {[%emt 0:00:06]} cxb5 {[%emt 0:00:01]} 49. cxb5 {[%emt 0:00:01]} axb5 50. a6 Qd3 {[%emt 0:00:02]} 51. Rxh7 {[%emt 0:00:06]} Kxh7 {[%emt 0:00:02]} 52. Nxf6+ {[%emt 0:00:01]} Kg6 {[%emt 0:00:01]} 53. Ne4 {[%emt 0:00:05]} Qd5 {[%emt 0:00:03]} 54. Kg1 {[%emt 0:00:02]} Qd1+ {[%emt 0:00:01]} 55. Kg2 {[%emt 0:00:01]} Qf3+ {[%emt 0:00:04]} 56. Qxf3 {[%emt 0:00:01]} gxf3+ {[%emt 0:00:01]} 57. Kxf3 {[%emt 0:00:01]} b4 {[%emt 0:00:01]} 58. Ke3 {[%emt 0:00:03]} b3 {[%emt 0:00:01]} 59. Nc3 {[%emt 0:00:02]} b2 {[%emt 0:00:01]} 60. a7 {[%emt 0:00:01]} Ra8 {[%emt 0:00:02]} 61. Kd2 {[%emt 0:00:02]} Rxa7 {[%emt 0:00:01]} 62. Kc2 {[%emt 0:00:01]} Rf7 {[%emt 0:00:05]} 63. f4 {[%emt 0:00:03]} Rb7 {[%emt 0:00:04]} 64. Kb1 {[%emt 0:00:02]} Kf5 {[%emt 0:00:01]} 65. Na4 {[%emt 0:00:02]} Rb3 {[%emt 0:00:02]} 66. Nxb2 {[%emt 0:00:04]} Rxg3 {[%emt 0:00:03]} 67. Kc2 {[%emt 0:00:01]} Kxf4 {[%emt 0:00:00]} 68. Kd2 {[%emt 0:00:02]} Ke4 {[%emt 0:00:03]} 69. Nd1 {[%emt 0:00:05]} Kd4 {[%emt 0:00:03]} 70. Nf2 {[%emt 0:00:01]} Rg2 {[%emt 0:00:01]} 71. Ke2 {[%emt 0:00:01]} Rg3 {[%emt 0:00:01]} 72. Nd1 {[%emt 0:00:01]} Ke4 {[%emt 0:00:02]} 73. Nf2+ {[%emt 0:00:01]} Kf4 {[%emt 0:00:01]} 74. Nd3+ {[%emt 0:00:03]} Ke4 {[%emt 0:00:01]} 75. Nf2+ Kd4 76. Kd2 {[%emt 0:00:02]} Ra3 {[%emt 0:00:04]} 77. Ke2 {[%emt 0:00:02]} Ke5 {[%emt 0:00:04]} 78. Nd3+ {[%emt 0:00:02]} Ke4 {[%emt 0:00:01]} 79. Nf2+ {[%emt 0:00:01]} Kf4 {[%emt 0:00:02]} 80. Nd3+ {[%emt 0:00:01]} Ke4 {[%emt 0:00:02]} 81. Nf2+ Kd4 82. Kd2 {[%emt 0:00:02]} Ra2+ {[%emt 0:00:02]} 83. Ke1 {[%emt 0:00:02]} Ke3 {[%emt 0:00:04]} 84. Ng4+ {[%emt 0:00:10]} Kf3 {[%emt 0:00:05]} 85. Ne5+ {[%emt 0:00:01]} Ke4 {[%emt 0:00:02]} 86. Nc4 {[%emt 0:00:04]} Kd3 {[%emt 0:00:01]} 87. Ne5+ {[%emt 0:00:00]} Kd4 {[%emt 0:00:04]} 88. Nf3+ {[%emt 0:00:04]} Ke3 {[%emt 0:00:01]} 0-1

[Event "RUS-ch Women Blitz 2019"]
[Site "Sochi"]
[Date "2019.10.20"]
[Round "6.6"]
[White "Sudakova, Irina"]
[Black "But, Svetlana"]
[Result "0-1"]
[WhiteElo "2184"]
[BlackElo "1947"]
[Annotator "NA"]
[PlyCount "170"]
[EventDate "2019.10.17"]
[EventType "swiss"]
[EventCountry "RUS"]
[SourceTitle "playchess.com"]
[Source "ChessBase"]
[SourceQuality "1"]
[TimeControl "180+2"]

1. e4 {[%emt 0:00:00]} e6 {[%emt 0:00:00]} 2. d4 {[%emt 0:00:02]} d5 {[%emt 0:00:00]} 3. Bd3 {[%emt 0:00:00]} dxe4 {[%emt 0:00:00]} 4. Bxe4 {[%emt 0:00:01]} Nf6 {[%emt 0:00:02]} 5. Bf3 {[%emt 0:00:01]} Nbd7 {[%emt 0:00:03]} 6. Ne2 {[%emt 0:00:04]} c5 {[%emt 0:00:13]} 7. O-O {[%emt 0:00:24]} cxd4 {[%emt 0:00:03]} 8. Nxd4 {[%emt 0:00:01]} Bc5 {[%emt 0:00:03]} 9. Nb3 {[%emt 0:00:04]} Be7 {[%emt 0:00:11]} 10. Be3 {[%emt 0:00:16]} O-O {[%emt 0:00:04]} 11. c4 {[%emt 0:00:03]} Qc7 {[%emt 0:00:05]} 12. N1d2 {[%emt 0:00:25]} Nc5 {[%emt 0:00:17]} 13. Rc1 {[%emt 0:00:11]} Nxb3 {[%emt 0:00:02]} 14. Qxb3 {[%emt 0:00:11]} h6 {[%emt 0:00:16]} 15. c5 {[%emt 0:00:14]} Nd5 {[%emt 0:00:14]} 16. Bxd5 {[%emt 0:00:18]} exd5 {[%emt 0:00:01]} 17. Qxd5 {[%emt 0:00:01]} Be6 {[%emt 0:00:01]} 18. Qe4 {[%emt 0:00:06]} Bf6 {[%emt 0:00:06]} 19. b4 {[%emt 0:00:05]} Bxa2 {[%emt 0:00:06]} 20. Nc4 {[%emt 0:00:26]} Bxc4 {[%emt 0:00:03]} 21. Rxc4 {[%emt 0:00:06]} a6 {[%emt 0:00:14]} 22. Qf5 {[%emt 0:00:15]} Qe5 {[%emt 0:00:10]} 23. Qd7 {[%emt 0:00:10]} Qe7 {[%emt 0:00:02]} 24. Qg4 {[%emt 0:00:05]} Kh8 {[%emt 0:00:08]} 25. Bf4 {[%emt 0:00:06]} Rfe8 {[%emt 0:00:04]} 26. Bd6 {[%emt 0:00:02]} Qe2 {[%emt 0:00:03]} 27. h3 {[%emt 0:00:04]} Qxg4 {[%emt 0:00:02]} 28. Rxg4 {[%emt 0:00:03]} Re2 {[%emt 0:00:03]} 29. Rd1 {[%emt 0:00:05]} Rae8 {[%emt 0:00:01]} 30. Bg3 {[%emt 0:00:03]} Re1+ {[%emt 0:00:02]} 31. Rxe1 {[%emt 0:00:00]} Rxe1+ {[%emt 0:00:00]} 32. Kh2 {[%emt 0:00:01]} Re6 {[%emt 0:00:07]} 33. Rc4 {[%emt 0:00:04]} Rc6 {[%emt 0:00:01]} 34. Re4 {[%emt 0:00:01]} Kh7 {[%emt 0:00:01]} 35. Re8 {[%emt 0:00:02]} b6 {[%emt 0:00:04]} 36. Bd6 {[%emt 0:00:01]} bxc5 {[%emt 0:00:02]} 37. bxc5 {[%emt 0:00:00]} a5 {[%emt 0:00:01]} 38. Ra8 {[%emt 0:00:01]} Bc3 {[%emt 0:00:00]} 39. Kg3 {[%emt 0:00:02]} Kg6 {[%emt 0:00:02]} 40. Kf3 {[%emt 0:00:01]} Bb4 {[%emt 0:00:03]} 41. Ke4 {[%emt 0:00:05]} Bxc5 {[%emt 0:00:01]} 42. Kd5 {[%emt 0:00:04]} Rxd6+ {[%emt 0:00:01]} 43. Kxc5 {[%emt 0:00:00]} Rd2 {[%emt 0:00:01]} 44. Ra6+ {[%emt 0:00:04]} f6 {[%emt 0:00:01]} 45. Rxa5 {[%emt 0:00:03]} Rxf2 {[%emt 0:00:00]} 46. g4 {[%emt 0:00:01]} Rf3 {[%emt 0:00:05]} 47. h4 {[%emt 0:00:01]} Rf4 {[%emt 0:00:05]} 48. Kd6 {[%emt 0:00:04]} Rxg4 49. h5+ Kh7 {[%emt 0:00:06]} 50. Ke6 {[%emt 0:00:04]} Rg5 {[%emt 0:00:00]} 51. Ra7 {[%emt 0:00:02]} Rxh5 {[%emt 0:00:01]} 52. Kf7 {[%emt 0:00:00]} Rc5 {[%emt 0:00:05]} 53. Kf8 {[%emt 0:00:01]} Rc8+ {[%emt 0:00:02]} 54. Kf7 h5 55. Ra5 {[%emt 0:00:03]} Kh6 {[%emt 0:00:02]} 56. Ra2 {[%emt 0:00:02]} h4 {[%emt 0:00:01]} 57. Rg2 {[%emt 0:00:03]} Rc7+ {[%emt 0:00:02]} 58. Ke6 {[%emt 0:00:01]} Kh5 {[%emt 0:00:15]} 59. Kf5 {[%emt 0:00:05]} Rc5+ {[%emt 0:00:01]} 60. Kf4 {[%emt 0:00:01]} Rg5 {[%emt 0:00:00]} 61. Rh2 {[%emt 0:00:02]} Rg1 {[%emt 0:00:02]} 62. Kf3 {[%emt 0:00:01]} g5 {[%emt 0:00:00]} 63. Ra2 {[%emt 0:00:01]} g4+ {[%emt 0:00:01]} 64. Kf2 {[%emt 0:00:01]} Rb1 {[%emt 0:00:03]} 65. Ra5+ {[%emt 0:00:01]} Kg6 {[%emt 0:00:01]} 66. Ra4 {[%emt 0:00:02]} Kg5 {[%emt 0:00:01]} 67. Ra5+ {[%emt 0:00:02]} f5 {[%emt 0:00:00]} 68. Ra8 {[%emt 0:00:01]} h3 {[%emt 0:00:01]} 69. Kg3 {[%emt 0:00:03]} Rb3+ 70. Kh2 Re3 {[%emt 0:00:05]} 71. Ra4 {[%emt 0:00:03]} Re4 {[%emt 0:00:01]} 72. Ra5 {[%emt 0:00:01]} Kf4 {[%emt 0:00:00]} 73. Ra3 {[%emt 0:00:01]} Re2+ {[%emt 0:00:01]} 74. Kh1 {[%emt 0:00:01]} g3 {[%emt 0:00:02]} 75. Ra4+ {[%emt 0:00:01]} Re4 {[%emt 0:00:01]} 76. Ra1 {[%emt 0:00:01]} Kg4 {[%emt 0:00:02]} 77. Rb1 {[%emt 0:00:01]} f4 {[%emt 0:00:06]} 78. Ra1 {[%emt 0:00:01]} Re3 {[%emt 0:00:05]} 79. Kg1 {[%emt 0:00:02]} f3 {[%emt 0:00:04]} 80. Ra4+ {[%emt 0:00:01]} Kf5 {[%emt 0:00:01]} 81. Ra5+ {[%emt 0:00:00]} Kf4 {[%emt 0:00:01]} 82. Ra4+ {[%emt 0:00:01]} Re4 {[%emt 0:00:00]} 83. Ra1 {[%emt 0:00:01]} f2+ {[%emt 0:00:03]} 84. Kf1 {[%emt 0:00:02]} Re1+ {[%emt 0:00:01]} 85. Rxe1 {[%emt 0:00:01]} fxe1=Q+ {[%emt 0:00:01]} 0-1

[Event "RUS-ch Women Blitz 2019"]
[Site "Sochi"]
[Date "2019.10.17"]
[Round "6.6"]
[White "Serditykh, Olesya"]
[Black "Garifullina, Leya"]
[Result "0-1"]
[WhiteElo "1990"]
[BlackElo "2330"]
[Annotator "TA"]
[PlyCount "82"]
[EventDate "2019.10.17"]
[EventType "swiss"]
[EventCountry "RUS"]
[SourceTitle "playchess.com"]
[Source "ChessBase"]
[SourceQuality "1"]

{[%evp 14,82,1,-22,-8,-21,-31,-41,-20,-30,-21,-47,-40,-49,-53,-62,-55,-59,-33,-75,-83,-118,-118,-119,-117,-137,-35,-78,-110,-140,-50,-48,-59,-207,-205,-297,-281,-302,-262,-318,-320,-447,-440,-465,-445,-663,-662,-582,-525,-1036,-1036,-1112,-850,-851,-843,-1053,-1105,-1068,-1071,-1100,-906,-913,-883,-861,-777,-1337,-1095,-12831,-12832,-12833,-5335]} 1. d4 Nf6 2. Bg5 d5 3. Bxf6 exf6 4. e3 c6 5. c4 dxc4 6. Bxc4 Bd6 7. Nc3 O-O 8. Nge2 Nd7 {D00: 1 d4 d5: Unusual lines} 9. h4 $146 ({Predecessor:} 9. O-O f5 10. Qc2 Nf6 11. Rfd1 Qe7 12. Rac1 {½-½ (12) Kiselev,V (2535)-Kornyukov,A (2474) Dombai 2010}) 9... f5 10. h5 h6 {Black is slightly better.} 11. Bd3 Qg5 12. g3 Nf6 13. Nf4 Ng4 14. Qf3 Re8 15. O-O-O a5 {[%cal Ba7a5,Ba5a4][%mdl 32]} 16. Kb1 {[#]} a4 $1 17. e4 Bxf4 18. gxf4 fxe4 19. Nxe4 Qe7 (19... Qd5 $17 {...Be6 is the strong threat.} 20. Qe2 Be6) 20. Rhe1 {Strongly threatening f5.} Bf5 21. Re2 Nf6 ({Black should try} 21... Qb4 $17 {And now ...a3 would win.} 22. a3 Qxd4) 22. Nxf6+ $15 Qxf6 23. Rxe8+ (23. Re5 $15 Bxd3+ 24. Rxd3) 23... Rxe8 $19 24. Bxf5 (24. a3 {might work better.}) 24... Qxf5+ $15 {[%mdl 4096] Endgame KQR-KQR} 25. Ka1 Qe4 26. Qg3 {[#]} Qe2 $1 {[%cal Re2d1][%mdl 512]} 27. Qg1 Qxh5 {Black is clearly winning.} 28. a3 Qf3 29. Re1 (29. f5 $142) 29... Rxe1+ $19 30. Qxe1 Qxf4 {KQ-KQ} 31. Qe8+ Kh7 32. Qe7 Qc1+ 33. Ka2 Qc4+ 34. Ka1 b5 35. Qe4+ g6 36. Qe5 Qe6 37. Qc7 Qd5 38. Kb1 Kg7 39. Qb6 h5 40. Qa7 h4 41. Qe7 Qxd4 {Accuracy: White =  9%, Black = 64%.} (41... h3 $142 42. Qc7 Qf5+ 43. Ka1 Qxf2 44. Qe5+ Kh7) 0-1